| 000 | 00999nam a2200205 a 4500 | ||
|---|---|---|---|
| 001 | 000042446 | ||
| 005 | 20201002040149.0 | ||
| 008 | 131203s2007 sp 000 0 spa d | ||
| 020 | _a6798483470534 | ||
| 040 |
_aDO-SdBNP _bspa _cBNPHU |
||
| 100 | 1 |
_aRidruejo Alonso, Emilio _969603 |
|
| 245 | 1 | 0 |
_aEl arte de la lengua de Chile de Luis de Valdivia / _cEmilio Ridruejo. |
| 246 | 1 | 4 | _aArte y gramática general de la lengua que corre en todo el reyno de Chile |
| 260 |
_aMadrid : _bAgencia Española de Cooperación Internacional, _c2007. |
||
| 300 | _a197 p. | ||
| 500 | _aTítulo en la cubierta : Arte y gamática general de la lengua que corre en todo el reyno de Chile | ||
| 580 | _aEstudio del facsímil de : Arte y gramática general de la lengua que corre en todo el reyno de Chile con vocavulario y confesionario compuesto por el padre Luys de Valdivia, editado en un estuche junto con el facsímil | ||
| 600 | 2 |
_aValdivia, Luis de _d1561-1642 _969604 |
|
| 650 | 4 |
_aAraucano (lengua) _969605 |
|
| 999 |
_c41935 _d41935 |
||